Global impact: award winning performance programs from around the world
Tallennettuna:
| Päätekijät: | , |
|---|---|
| Aineistotyyppi: | Kirja |
| Kieli: | englanti |
| Julkaistu: |
Chicago
Irwin
1996
|
| Aiheet: | |
| Tagit: |
Lisää tagi
Ei tageja, Lisää ensimmäinen tagi!
|
MARC
| LEADER | 00000nam a2200000 a 4500 | ||
|---|---|---|---|
| 001 | UCH0546 | ||
| 003 | CL-VaPUC | ||
| 008 | 090312e19960000US |||||||||||||||||eng|d | ||
| 020 | |a 078630958X | ||
| 082 | 0 | 4 | |a 658.562 |b ODE |2 21 |
| 100 | |a Odenwald, Sylvia B. |e author |9 534761 | ||
| 700 | 0 | |a Matheny, William G |e author |9 534762 | |
| 245 | 1 | 0 | |a Global impact: award winning performance programs from around the world |
| 300 | |a 262 p | ||
| 942 | |c BK | ||
| 945 | |d 20090312 00:00:00 |a dcastane | ||
| 260 | |a Chicago |b Irwin |c 1996 | ||
| 650 | 0 | |a Recursos humanos |9 228420 | |
| 650 | 0 | |a Estudio de casos |9 257099 | |
| 650 | 0 | |a Control de calidad |9 259714 | |
| 650 | 7 | |a MANEJO DE PROCESOS INDUSTRIALES |2 CL-VaPUC |9 534763 | |
| 651 | 0 | |a América |9 255182 | |
| 651 | 0 | |a Europa |9 255156 | |
| 651 | 0 | |a Medio Oriente |9 268532 | |
| 651 | 0 | |a África |9 256790 | |
| 651 | 7 | |a ASIA PACIFICO |2 CL-VaPUC |9 534764 | |
| 583 | |a last modification |c 20140401 10:27:18 |k Rodrigo Vera | ||
| 999 | |c 332839 |d 332837 | ||
| 952 | |0 0 |1 0 |4 0 |6 658_562000000000000_ODE_1996 |7 0 |8 A |9 420835 |a BIBING |b BIBING |d 2019-11-22 |i 4515064 |o 658.562 ODE 1996 |p 4515064 |r 2025-01-20 |w 2019-11-22 |y BK |k EII | ||